000 00313nam a22001337a 4500
008 170704b xxu||||| |||| 00| 0 eng d
020 _a2900393927176
041 _aeng
080 _a82
100 _a22
101 _aGJL
245 _aTHE NORTON ANTHOLOGY OF ENGLISH LITERATURE
_cGREENBLATT,S
942 _2udc
_cBK
999 _c19900
_d19900